Module 1, Lecture 1. Finite Element Method

Zapisane w:
Opis bibliograficzny
Kolejni autorzy: Canal nptelhrd / YouTube
Format: Książka
Język:angielski
Hasła przedmiotowe:
Dostęp online:Module 1, Lecture 1. Finite Element Method
Etykiety: Dodaj etykietę
Nie ma etykietki, Dołącz pierwszą etykiete!

MARC

LEADER 00000nam a22000004a 4500
001 vpro9129
005 20201223000000.0
008 151018s2015 ck # g## #001 0#eng#d
020
022
040 |a CO-BoINGC 
041 0 |a eng 
245 1 0 |a Module 1, Lecture 1. Finite Element Method 
246 |a Md̤ulo 01, leccin̤ 01. Mťodo de elementos finitos 
264 |a Bogot ̀(Colombia) :  |b Revista VirtualPRO,  |c 2015 
520 3
650 \ \ |a Mecǹica de fluidos 
650 \ \ |a Dinm̀ica de fluidos 
650 \ \ |a Fluid mechanics 
650 \ \ |a Fluid dynamics 
650 \ \ |a mecǹica de fluidos 
650 \ \ |a dinm̀ica de fluidos computacional 
650 \ \ |a CFD 
650 \ \ |a simulacin̤ 
650 \ \ |a modelado 
650 \ \ |a fluid mechanics 
650 \ \ |a computational fluid dynamics 
650 \ \ |a CFD 
650 \ \ |a simulation 
650 \ \ |a modelling  
700 \ \ |a Canal nptelhrd / YouTube 
856 |z Module 1, Lecture 1. Finite Element Method  |u https://virtualpro.unach.elogim.com/biblioteca/modulo-01-leccion-01-metodo-de-elementos-finitos